|
|
|
|
| LEADER |
00000cam a2200000 4500 |
| 001 |
vtls012134674 |
| 003 |
SK-MaSNL |
| 005 |
20260301055533.0 |
| 008 |
220512s2022 xo a g f 000 0 slo |
| 015 |
|
|
|a SNBA2023/05
|
| 020 |
|
|
|a 9788081116001
|q (brožované)
|
| 040 |
|
|
|a SNK
|b slo
|c SNK
|e rda
|
| 041 |
1 |
|
|a slo
|h spa
|
| 044 |
|
|
|a xo
|c SK
|
| 072 |
|
7 |
|a 159.95
|x Vyššie duševné procesy
|2 konspekt
|
| 080 |
|
|
|a 159.9
|2 2011
|
| 080 |
|
|
|a 159.942
|2 2011
|
| 080 |
|
|
|a 612.82
|2 2011
|
| 080 |
|
|
|a 612.825.8.063
|2 2001
|
| 080 |
|
|
|a 612.825.063
|2 2011
|
| 080 |
|
|
|a 159.923.5
|2 2011
|
| 080 |
|
|
|a 613:304.3
|2 2011
|
| 080 |
|
|
|a (0.062)
|2 2011
|
| 100 |
1 |
|
|a Bilbao, Álvaro,
|d 1976-
|4 aut
|9 176949
|
| 240 |
1 |
0 |
|a Cuida tu E cerebro
|l Slovensky
|
| 245 |
1 |
0 |
|a Starajte sa o svoj mozog- a váš život sa zlepší
|b kľúče k ochrane vašej duše a k zdravej mysli v akomkoľvek veku
|c Álvaro Bilbao ; zo španielskeho originálu Cuida tu E cerebro ... preložila Monika Urbanova
|
| 246 |
3 |
0 |
|a Kľúče k ochrane vašej duše a k zdravej mysli v akomkoľvek veku
|
| 250 |
|
|
|a Prvé vydanie
|
| 264 |
|
1 |
|a Bratislava
|b NOXI s.r.o.
|c 2022
|
| 300 |
|
|
|a 197 strán
|b ilustrácie
|c 20 cm
|
| 336 |
|
|
|a text
|b txt
|2 rdacontent
|
| 337 |
|
|
|a bez média
|b n
|2 rdamedia
|
| 338 |
|
|
|a zväzok
|b nc
|2 rdacarrier
|
| 500 |
|
|
|a Preložené zo španielčiny
|
| 650 |
0 |
7 |
|a neuropsychológia
|2 SNKPH
|9 14464
|
| 650 |
0 |
7 |
|a emócie
|2 SNKPH
|9 4049
|
| 650 |
0 |
7 |
|a mozog
|2 SNKPH
|9 18594
|
| 650 |
0 |
7 |
|a stimulácia duševnej činnosti
|2 SNKPH
|9 107598
|
| 650 |
0 |
7 |
|a stimulácia mozgu
|2 SNKPH
|9 78952
|
| 650 |
0 |
7 |
|a pozitívne myslenie
|2 SNKPH
|9 4009
|
| 650 |
0 |
7 |
|a zdravý životný štýl
|2 SNKPH
|9 68571
|
| 650 |
0 |
7 |
|a Neuropsychology
|2 SNKPHeng
|9 278904
|
| 650 |
0 |
7 |
|a Emotions
|2 SNKPHeng
|9 302873
|
| 650 |
0 |
7 |
|a Brain
|2 SNKPHeng
|9 305759
|
| 650 |
0 |
7 |
|a Mental activity stimulation
|2 SNKPHeng
|9 369315
|
| 650 |
0 |
7 |
|a Brain stimulation
|2 SNKPHeng
|9 339515
|
| 650 |
0 |
7 |
|a Positive thinking
|2 SNKPHeng
|9 266375
|
| 650 |
0 |
7 |
|a Healthy lifestyle
|2 SNKPHeng
|9 268752
|
| 655 |
|
7 |
|a populárno-náučné publikácie
|2 SNKPH
|9 70460
|
| 655 |
|
7 |
|a Popular works
|2 SNKPHeng
|9 90287
|
| 700 |
1 |
|
|a Urbanová, Monika
|c (prekladateľka)
|4 trl
|9 26108
|
| 852 |
|
|
|a Slovenská národná knižnica
|
| 919 |
|
|
|a 978-80-8111-600-1
|
| 954 |
|
|
|a odborná, vedecká literatúra cudzojazyčná (svetová)
|2 lita
|
| 958 |
|
|
|a UP
|
| 968 |
|
|
|b ESP
|
| 999 |
|
|
|c 613583
|d 615513
|
| 952 |
|
|
|a SNK
|b SNK
|y PREZ
|7 0
|p 17A1528661
|o snkSD 91536
|i snk2023/6818
|8 0
|0 0
|1 0
|4 0
|d 2023-04-26
|f 1
|l 0
|r 2026-02-23 16:30:35
|w 2026-02-23
|
| 952 |
|
|
|a SNK
|b SNK
|y VYP
|7 0
|p 17A1528660
|o snkSD 91536 D1
|i snk2023/6819
|8 0
|0 0
|1 0
|4 0
|d 2023-04-26
|l 0
|r 2026-02-23 16:30:35
|w 2026-02-23
|